01057nam a22002537a 4500999001500000003000900015008004100024040007100065082001800136100002100154245003900175260003500214300003800249440004200287505018700329650003000516650001900546650002500565700004200590700004800632942001600680945000900696952009800705 c4604d4604AR-CdUCM190311b ||||| |||| 00| 0 spa d aMUNICIPALIDAD PROVINCIAL DEL CUSCOcBIBLIOTECA MUNICIPAL DEL CUSCO a338.54 /bF56 aFlamant, Maurice aCrisis y recesiones económicas / aBarcelona :bOikos-Tau,c1971. a126 páginas ;bfiguras,c17 cm. aColección ¿qué sé?.n38914367 aContenido: Las crisis en el siglo XIX (1815-1914) -- El período de entreguerras (1919-38) y la gran depresión -- Crecimiento y recesiones en la época contemporánea (1945-70). aCiclos económicos98438 aSiglo XIX9971 aEstados Unidos91805 aSinger-Kerel, Jeanne (coautor)914368 aRubió, F. Minguella (traducción)914369 2ddccLIBROS aachl 002ddc4070aSHbSHcCARTd2019-03-11g20.00o338.54 / F56pSH0000005023r2019-03-11yLIBROS